Word Ladder: TV Network II Quiz Stats

 Plays Quiz Updated Sep 16, 2016

Challenge
Share
Tweet
Embed
Score 0/14 Timer 01:30
1 Play Today
Clue 4-Letter Word % Correct
Like a snail's paceSLOW
98.4%
College students often live hereDORM
94.5%
American 10 cent coinDIME
93.9%
Doctor ___, Fantastic Four's nemesisDOOM
84.8%
A lazy or slovenly personSLOB
83.9%
A loud, deep, resonant soundBOOM
83.5%
Urgent or severeDIRE
83.1%
Clue 4-Letter Word % Correct
A large, thick piece of cakeSLAB
83%
Spill a secretBLAB
79.3%
Gustave ___, French book illustratorDORÉ
79.1%
A spot of color or a bulbous massBLOB
75.2%
☑ [first rung]___, 'Homeland' TV channel ☑☑TIME☑
73.3%
☑ ___[last rung], 'Dexter' TV channel ☑☑SHOW☑
72.2%
A simpleton or philistineBOOB
67.7%

Today's Daily Dose

You're not logged in!

Compare scores with friends on all Sporcle quizzes.
OR
Log In

You Might Also Like...

Show Comments

Extras

Top Quizzes Today


Score Distribution

Your Account Isn't Verified!

In order to create a playlist on Sporcle, you need to verify the email address you used during registration. Go to your Sporcle Settings to finish the process.

Report this User

Report this user for behavior that violates our Community Guidelines.

Details: